中国所有地铁终点站大挑战2025 Chinese Metro's Terminal Stations 2025 - Statistics

General Stats
  • This quiz has been taken 17 times
    16 since last reset
  • The average score is 155 of 638
Answer Stats
Hint Answer1 % Correct
呼和浩特1东 坝堰(机场)
100%
北京1西 古城
93%
北京1东 | 北京7东 环球度假区
86%
北京S1东 苹果园
86%
北京大兴机场南 大兴机场
86%
北京4南 天宫院
79%
北京13西 西直门
79%
上海10西 虹桥火车站|航中路
79%
上海11北 花桥|嘉定北
79%
上海17东 虹桥火车站
79%
苏州3东 唯亭
79%
苏州11东 花桥
79%
北京13东 东直门
71%
北京大兴机场北 草桥
71%
上海16西 | 上海磁浮西 龙阳路
71%
北京3西 东四十条
64%
北京4北 安河桥北
64%
北京5北 天通苑北
64%
北京6东 潞城
64%
北京燕房西 | 广州7东 燕山
64%
上海1南 | 上海5北 莘庄
64%
上海11南 | 香港迪士尼东 迪士尼
64%
南京S1北 | 南京S3东 南京南站
64%
北京12东 | 北京3东 东坝北
57%
北京5南 | 北京亦庄北 宋家庄
57%
北京9北 国家图书馆
57%
北京16南 宛平城
57%
北京19北 牡丹园
57%
北京昌平北 昌平西山口
57%
北京亦庄南 亦庄火车站
57%
上海3南 上海南站
57%
上海16东 滴水湖
57%
南京3北 林场
57%
杭州5东 姑娘桥
57%
绍兴1北 姑娘桥|大庆寺
57%
郑州1西 河南工业大学
57%
上海机场联络东 | 上海磁浮东 浦东1号2号航站楼
57%
北京6西 金安桥
50%
北京7西 北京西站
50%
北京8南 瀛海
50%
北京9南 郭公庄
50%
北京17北南 工人体育场
50%
天津9西 天津站
50%
上海5南 闵行开发区|奉贤新城
50%
上海7北 美兰湖
50%
上海9西 松江南站
50%
上海9东 曹路
50%
上海10东 基隆路
50%
南京1北 八卦洲大桥南
50%
徐州1东 徐州东站
50%
苏州1西 木渎
50%
苏州11西 唯亭
50%
佛山2东 | 广州2南 广州南站
50%
重庆1西 | 重庆璧铜南 璧山
50%
香港东铁北 罗湖|落马洲
50%
上海2东 浦东1号2号航站楼
50%
广州3北 机场北(2号航站楼)|天河客运站
50%
长沙6东 黄花机场T1T2
50%
北京8北 朱辛庄
43%
北京11北 模式口
43%
北京11南 新首钢
43%
北京15西 清华东路西口
43%
北京15东 俸伯
43%
北京19南 新宫
43%
北京首都机场南 北新桥
43%
天津2东 滨海国际机场
43%
天津3南 南站
43%
大连2西 大连北站
43%
大连12西 旅顺新港
43%
上海1北 富锦路
43%
上海7南 花木路
43%
上海8南 沈杜公路
43%
上海17西 西岑
43%
南京2西 鱼嘴
43%
南京S6东 句容
43%
南京S8南 长江大桥北
43%
南京S9南 高淳
43%
无锡1北 堰桥
43%
无锡S1北 江阴外滩
43%
苏州2南 | 苏州6东 桑田岛
43%
苏州3西 | 苏州6西 苏州新区火车站
43%
苏州7南 木里
43%
南通2南 先锋
43%
郑州1东 河南大学新区
43%
广州14东 东风|镇龙
43%
重庆1东 朝天门
43%
成都1北 韦家碾
43%
成都S3西 福田
43%
香港东涌南 | 香港机场快东 香港
43%
北京首都机场北 2号航站楼|3号航站楼
43%
北京12西 四季青桥
36%
北京14北 善各庄
36%
北京14南 张郭庄
36%
北京17北北 未来科学城北
36%
北京17南北 十里河
36%
北京17南南 嘉会湖
36%
北京房山南 | 北京燕房东 阎村东
36%
北京S1西 石厂
36%
呼和浩特1西 伊利健康谷
36%
大连2东 海之韵
36%
大连3南 大连站
36%
大连13北 普兰店振兴街
36%
上海2西 徐泾东
36%
上海3北 江杨北路
36%
上海6南 东方体育中心
36%
上海8北 市光路
36%
上海12北 | 宁波3南 金海路
36%
上海12南 七莘路
36%
上海15南 紫竹高新区
36%
南京1南 中国药科大学
36%
南京4东 仙林湖
36%
南京5南 吉印大道
36%
南京S1南 | 南京S7北 空港新城江宁
36%
南京S6西 马群
36%
南京S7南 无想山
36%
南京S8北 金牛湖
36%
宁滁东 汊河
36%
无锡2东 无锡东站
36%
无锡3南 硕放机场
36%
无锡S1南 堰桥
36%
苏州1东 钟南街
36%
苏州4北 龙道浜
36%
苏州4南 同里
36%
南通2北 幸福
36%
杭州7西 吴山广场
36%
杭州19西 火车西站
36%
杭海东 浙大国际校区
36%
青岛3北 | 青岛8南 青岛北站
36%
武汉4东 武汉火车站
36%
广州14西 | 广州2北 嘉禾望岗
36%
广州18南 万顷沙
36%
广州22南 番禺广场
36%
深圳1东 罗湖
36%
深圳2/8东 小梅沙
36%
深圳20南 机场北
36%
东莞2西 虎门火车站
36%
东莞2东 东莞火车站
36%
重庆2北 较场口
36%
重庆2南 | 重庆3南 鱼洞
36%
重庆5南 | 重庆江跳北 跳磴
36%
成都1南 科学城|五根松
36%
成都18北 火车南站
36%
西安2北 草滩
36%
西安4北 西安北站
36%
上海机场联络西 虹桥2号航站楼
36%
北京16北 北安河
29%
北京昌平南 蓟门桥
29%
北京房山北 东管头南
29%
天津1北 刘园
29%
天津3北 小淀
29%
天津4西 东南角
29%
天津5北 北辰科技园北
29%
大连12东 | 大连1南 河口
29%
哈尔滨1北 哈尔滨东站
29%
上海6北 港城路
29%
上海13西 金运路
29%
上海14西 封浜
29%
南京2东 经天路
29%
南京3南 秣周东路
29%
南京4西 龙江
29%
南京7北 仙新路
29%
南京7南 西善桥
29%
南京10西 雨山路
29%
南京10东 安德门
29%
南京S3西 高家冲
29%
南京S9北 翔宇路南
29%
宁滁西 滁州高铁站
29%
无锡1南 南方泉
29%
苏州2北 骑河
29%
苏州5西 太湖香山
29%
苏州5东 阳澄湖南
29%
苏州7北 常楼
29%
苏州8西 西津桥
29%
苏州8东 车坊
29%
杭州1西 湘湖
29%
杭州1东 萧山国际机场
29%
杭州2北 良渚
29%
杭州2南 朝阳
29%
杭州3西 石马|吴山前村
29%
杭州3东 星桥
29%
杭州4南 浦沿
29%
杭州6东 枸桔弄
29%
杭海西 临平南高铁站
29%
宁波2南 栎社国际机场
29%
厦门3西 厦门火车站
29%
济南1北 方特
29%
济南3北 机场南
29%
济南3南 龙洞
29%
青岛3南 青岛站
29%
青岛西海岸快线南 董家口火车站
29%
武汉2北 天河机场
29%
武汉2南 佛祖岭
29%
武汉3南 沌阳大道
29%
武汉4西 柏林
29%
武汉5北 武汉站东广场
29%
武汉11东 葛店南站
29%
武汉19北 武汉站西广场
29%
长沙2西 梅溪湖西
29%
广州1北 广州东站
29%
广州1南 西塱
29%
广州3南 海傍
29%
广州4南 南沙客运港
29%
广州6东 香雪
29%
广州7西 美的大道
29%
广州8东 万胜围
29%
广州13西 鱼珠
29%
广州21西 天河公园
29%
广州21东 增城广场
29%
深圳1西 机场东
29%
深圳11西 碧头
29%
深圳14西 岗厦北
29%
广佛东 沥滘
29%
南宁1东 火车东站
29%
南宁2北 西津
29%
重庆6北 沙河坝|北碚
29%
重庆6南 茶园
29%
重庆10北 王家庄
29%
成都2西 犀浦
29%
成都2东 龙泉驿
29%
成都17东 机投桥
29%
成都18南 | 成都19南 天府机场北
29%
西安1西 咸阳西站
29%
西安1东 | 西安6东 | 西安9西 纺织城
29%
西安2南 常宁宫
29%
乌鲁木齐1北 | 乌鲁木齐机场捷运南 国际机场
29%
香港观塘西 黄埔
29%
香港荃湾北 荃湾
29%
香港屯门西 屯门
29%
香港迪士尼西 欣澳
29%
澳门横琴西 横琴
29%
太原1东 武宿1号2号航站楼
29%
重庆3北 举人坝|江北机场T2航站楼
29%
天津1南 双桥河
21%
天津2西 曹庄
21%
天津4东 新兴村
21%
天津5南 | 天津津静东 京华东道
21%
天津6北南 | 天津6南北 渌水道
21%
天津9东 东海路
21%
天津10北 屿东城
21%
天津津静西 团泊医学园
21%
沈阳2南 桃仙机场
21%
大连1北 姚家
21%
大连3北 九里|金石滩
21%
大连13南 九里
21%
长春1南 红嘴子
21%
长春3北 伪满皇宫
21%
长春3南 长影世纪城
21%
长春4北 长春站北
21%
上海13东 张江路
21%
上海14东 桂桥路
21%
上海18北 长江南路
21%
上海18南 航头
21%
南京5北 文靖路
21%
无锡2西 梅园开原寺
21%
杭州6西 双浦|桂花西路
21%
杭州10南 黄龙体育中心
21%
杭州19东 永盛路
21%
宁波1东 霞浦
21%
宁波4北 慈城西
21%
合肥8北 北城高铁站
21%
芜湖2西 鸠兹广场
21%
福州1南 三江口
21%
福州2西 苏洋
21%
福州2东 洋里
21%
福州4北 凤凰池
21%
福州4南 帝封江
21%
福州5北 荆溪厚屿
21%
福州5南 福州火车南站
21%
福州6东 万寿
21%
郑州2南 | 郑州城郊北 南四环
21%
郑州城郊南 郑州航空港
21%
郑许南 许昌东站
21%
武汉1北 汉口北
21%
武汉1南 径河
21%
武汉5南 红霞
21%
武汉6南 东风公司
21%
武汉7北 黄陂广场
21%
武汉7南 青龙山地铁小镇
21%
武汉8北 金潭路
21%
武汉8南 军运村
21%
武汉16北 国博中心南
21%
武汉16南 通航机场
21%
武汉21东 金台
21%
长沙1南 尚双塘
21%
长沙2东 光达
21%
长沙3南 湘潭北站
21%
长沙磁浮快线西 磁浮高铁站
21%
长沙磁浮快线东 磁浮机场站
21%
广州4北 黄村
21%
广州5西 滘口
21%
广州5东 黄埔新港
21%
广州6西 浔峰岗
21%
广州8西 滘心
21%
广州9西 飞鹅岭
21%
广州9东 高增
21%
广州13东 新沙
21%
广州18北 冼村
21%
广州22北 陈头岗
21%
深圳3西 福保
21%
深圳4北 牛湖
21%
深圳10南 | 深圳4南 福田口岸
21%
深圳12北 | 深圳6北 松岗
21%
深圳6支南 光明
21%
深圳13南 深圳湾口岸
21%
深圳14东 沙田
21%
广佛西 新城东
21%
佛山3南南 顺德学院站
21%
重庆4南 民安大道
21%
成都3南 双流西站
21%
成都19北 金星
21%
成都S3东 资阳北站
21%
昆明1北 | 昆明2南 环城南路
21%
昆明1南 大学城南|昆明南火车站
21%
昆明6东 机场中心
21%
西安3北 保税区
21%
西安16南 诗经里
21%
兰州2东 雁白大桥
21%
香港东铁南 | 香港南港岛北 金钟
21%
香港东涌北 东涌
21%
香港将军澳东 康城|宝琳
21%
香港屯马东 乌溪沙
21%
香港南港岛南 海怡半岛
21%
香港机场快西 博览馆
21%
台北小碧潭支线西 小碧潭
21%
西安14西 机场西(T1/T2/T3)
21%
天津6北北 南孙庄
14%
天津6南南 咸水沽西
14%
天津10南 于台
14%
天津11东 东丽六经路
14%
石家庄2北 柳辛庄
14%
太原2北 尖草坪
14%
呼和浩特2北 塔利东路
14%
呼和浩特2南 阿尔山路
14%
沈阳2北 蒲田路
14%
沈阳3西 李达
14%
沈阳10北 丁香湖
14%
大连5北 后关
14%
大连5南 虎滩新区
14%
长春1北 | 长春8南 北环城路
14%
长春2东 东方广场
14%
长春2西 汽车公园
14%
长春4南 天新路
14%
长春8北 广通路
14%
哈尔滨1南 新疆大街
14%
哈尔滨2南 气象台
14%
上海15北 顾村公园
14%
无锡3北 苏庙
14%
无锡4北 刘潭
14%
无锡4南 博览中心
14%
徐州3北 振兴大道
14%
常州1北 森林公园
14%
常州1南 南夏墅
14%
南通1北 平潮
14%
杭州4北 池华街
14%
杭州5西 南湖东
14%
杭州7东 江东二路
14%
杭州8西 文海南路
14%
杭州9北 龙安
14%
杭州9南 观音塘
14%
杭州10北 逸盛路
14%
杭州16东 绿汀路
14%
宁波1西 高桥西
14%
宁波2北 红联
14%
宁波3北 大通桥
14%
宁波4南 国际会议中心
14%
绍兴1南 芳泉
14%
绍兴2西 人民医院总院
14%
绍兴2东 檀渎
14%
金华金义东西 凌云|金华站
14%
金华金义东东 明清宫
14%
合肥2西 南岗
14%
南昌4南 | 芜湖1南 白马山
14%
福州1北 象峰
14%
福州6西 潘墩
14%
厦门1南 镇海路
14%
厦门2东 五缘湾
14%
厦门3东 蔡厝
14%
南昌1西 双港
14%
南昌1东 瑶湖西
14%
南昌2北 辛家庵
14%
南昌2南 南路
14%
南昌3北 京东大道
14%
南昌3南 银三角北
14%
南昌4北 鱼尾洲
14%
济南1南 工研院
14%
济南2西 王府庄
14%
济南2东 彭家庄
14%
青岛2西 四川路(轮渡)
14%
青岛4西 人民会堂
14%
青岛6南 灵山湾
14%
青岛8北 胶州北站
14%
青岛蓝谷快线北 钱谷山
14%
郑州2北 贾河
14%
郑州3北 省体育中心
14%
郑州3南 滨河新城南
14%
郑州4北 老鸦陈
14%
郑州4南 郎庄
14%
郑州6北 清华附中
14%
郑州6南 贾峪
14%
郑州7北 东赵
14%
郑州7南 南岗刘
14%
郑州8西 天健湖
14%
郑州8东 鲁庙
14%
郑州10东 郑州火车站
14%
郑州12北 龙子湖东
14%
洛阳1西 红山
14%
洛阳2南 八里堂
14%
武汉3北 宏图大道
14%
武汉6北 新城十一路
14%
武汉11西 江安路
14%
武汉19南 新月溪公园
14%
武汉21西 后湖大道
14%
长沙1北 金盆丘(铜官窑巴士站)
14%
长沙3北 广生
14%
长沙4西 罐子岭
14%
长沙4东 杜家坪
14%
长沙5北 水渡河
14%
长沙5南 毛竹塘
14%
长沙6西 谢家桥
14%
深圳2/8西 | 深圳5西 赤湾
14%
深圳3东 坪地六联
14%
深圳9东 文锦
14%
深圳11东 华强南
14%
深圳12南 左炮台东
14%
深圳16西 大运
14%
佛山2西 南庄
14%
佛山3北北 佛山大学
14%
佛山3南北 中山公园
14%
南宁1西 石埠
14%
重庆4北 黄岭
14%
重庆国博北 沙河坝
14%
重庆10南 兰花路
14%
重庆18南 跳磴南
14%
重庆江跳南 圣泉寺
14%
重庆璧铜北 铜梁西
14%
成都3北 成都医学院(新都校区)
14%
成都4西 万盛
14%
成都4东 西河
14%
成都5南 回龙
14%
成都6北 望丛祠
14%
成都6南 兰家沟
14%
成都17西 九江北
14%
昆明3东 东部汽车站
14%
西安3南 鱼化寨
14%
西安5西 创新港
14%
西安6西 西安南站
14%
西安9东 秦陵西
14%
兰州1西 陈官营
14%
兰州1东 东岗
14%
兰州2西 东方红广场
14%
香港港岛西 坚尼地城
14%
香港港岛东 柴湾
14%
澳门氹仔西 妈阁
14%
澳门氹仔东 氹仔码头
14%
澳门石排湾南 石排湾
14%
澳门横琴东 莲花
14%
台北淡水信义北 淡水
14%
台北松山新店北 松山
14%
台北松山新店南 新店
14%
台北中和新芦北 芦洲|回龙
14%
台北新北投支线东 新北投
14%
天津11西 东江道
7%
石家庄1西 西王
7%
石家庄1东 福泽
7%
石家庄2南 嘉华路
7%
石家庄3西 西三庄
7%
石家庄3东 乐乡
7%
太原1西 河龙湾
7%
太原2南 西桥
7%
沈阳1西 十三号街
7%
沈阳1东 黎明广场
7%
沈阳3东 南李官
7%
沈阳4北 正新路
7%
沈阳4南 创新路
7%
沈阳9北 怒江公园
7%
沈阳9南 建筑大学
7%
沈阳10南 张沙布
7%
哈尔滨2北 江北大学城
7%
徐州1西 路窝
7%
徐州2北 客运北站
7%
徐州2南 新城区东
7%
徐州3南 银山
7%
常州2西 青枫公园
7%
常州2东 五一路
7%
南通1南 振兴路
7%
杭州8东 新湾路
7%
杭州16西 九州街
7%
宁波5北 骆驼桥
7%
宁波5南 布政
7%
温州S1西 桐岭
7%
温州S1东 双瓯大道
7%
温州S2北 清东路
7%
温州S2南 东山
7%
台州S1北 台州火车站
7%
台州S1南 城南
7%
合肥1北 张洼
7%
合肥1南 九联圩
7%
合肥2东 撮镇
7%
合肥3西 省儿童医院新区
7%
合肥3东 相城路
7%
合肥4西 青龙岗|烧脉岗
7%
合肥4东 综保区
7%
合肥5北 汲桥路
7%
合肥5南 贵阳路
7%
合肥8南 一里井
7%
芜湖1北 保顺路
7%
芜湖2东 万春湖路
7%
厦门1北 岩内
7%
厦门2西 天竺山
7%
青岛1北 东郭庄
7%
青岛1南 王家港
7%
青岛2东 李村公园
7%
青岛4东 大河东
7%
青岛6北 横云山路
7%
青岛蓝谷快线南 苗岭路
7%
青岛西海岸快线北 嘉陵江西路
7%
郑州10西 郑州西站
7%
郑州12南 梁湖
7%
郑州14北 铁炉
7%
郑州14南 莲湖
7%
郑许北 长安路北
7%
洛阳1东 杨湾
7%
洛阳2北 二乔路
7%
深圳5东 黄贝岭
7%
深圳6南 科学馆
7%
深圳6支北 深理工
7%
深圳7西 深大丽湖
7%
深圳7东 太安
7%
深圳9西 前湾
7%
深圳10北 双拥街
7%
深圳13北 高新中
7%
深圳16东 田心
7%
深圳20北 会展城
7%
佛山3北南 联合
7%
南宁3南 平良立交
7%
南宁5南 国凯大道
7%
重庆5北 悦港北路
7%
重庆国博南 礼嘉
7%
重庆9西 高滩岩
7%
重庆9东 花石沟
7%
重庆18北 富华路
7%
成都5北 华桂路
7%
成都9北 黄田坝
7%
成都9南 金融城东
7%
成都10北 太平园
7%
贵阳1南 小孟工业园
7%
贵阳S1东 望城坡
7%
昆明2北 北部汽车站
7%
昆明3西 西山公园
7%
昆明4南 昆明南火车站
7%
西安4南 航天新城
7%
西安5东 雁鸣湖
7%
西安10北 昭慧广场
7%
西安10南 井上村
7%
西安14东 贺韶
7%
西安16北 秦创原中心
7%
乌鲁木齐机场捷运北 国际机场北
7%
香港观塘东 调景岭
7%
香港荃湾南 中环
7%
香港将军澳西 北角
7%
澳门石排湾北 协和医院
7%
台北文湖北 | 台北板南北 南港展览馆
7%
台北淡水信义南 象山
7%
台北新北投支线西 北投
7%
桃园机场东 台北车站
7%
南宁2南 坛泽
0%
南宁3北 科园大道
0%
南宁4西 洪运路
0%
南宁4东 楞塘村
0%
南宁5北 金桥客运站
0%
成都8北 桂龙路
0%
成都8南 龙港
0%
成都10南 新平(宝墩)
0%
贵阳1北 窦官
0%
贵阳2北 白云路北
0%
贵阳2南 中兴路
0%
贵阳3北 洛湾
0%
贵阳3南 桐木岭(省委党校)
0%
贵阳S1西 皂角坝
0%
昆明4北 金川路
0%
昆明5北 世博园
0%
昆明5南 宝丰
0%
昆明6西 塘子巷
0%
乌鲁木齐1南 三屯碑
0%
台北文湖南 动物园
0%
台北中和新芦南 南势角
0%
台北板南南 顶埔
0%
台北环西 新北产业园区
0%
台北环东 大坪林
0%
台北小碧潭支线东 七张
0%
新北淡海北 崁顶
0%
新北淡海南 红树林
0%
新北安坑西 双城
0%
新北安坑东 十四张
0%
桃园机场西 老街溪
0%
台中绿西 高铁台中站
0%
台中绿东 北屯总站
0%
高雄红北 冈山车站
0%
高雄红南 小港
0%
高雄橘西 哈玛星
0%
高雄橘东 大寮
0%
No matching quizzes found
Score Distribution
Percent of People with Each Score
Percentile by Number Answered
Your Score History
You have not taken this quiz since the last reset